=LDR 00000nam 2200000 4500 =001 INLIS000000000039810 =005 20130612145420 =008 ***********************************Ind** =035 ##$$0010-061300000039810 =041 ##$$a Ind =082 ##$$a f rom D =090 ##$$a f Rom D, Tut s =100 ##$$a Pranowo,DN =245 ##$$a Seutas Rambut Perempuan, Pranowo DN =260 ##$$a 2003 $b Jakarta =300 ##$$a 243 hlm, ilus, 21 cm =850 ##$$a NBPNMAT